LEADER 00939nam0 2200277 4500 001 000031263 005 20170117110745.0 010 $a978-88-7075-771-2 100 $a20170117d2015----km-y0itay50------ba 101 0 $aita 102 $aIT 105 $ay-------001yy 200 1 $aDiventare archivisti$ecompetenze tecniche di un mestiere sul confine$fFederico Valacchi 210 $aMilano$cBibliografica$d2015 215 $a206 p.$d21 cm 225 2 $aBiblioteconomia e scienza dell'informazione$v7 410 0$12001$aBiblioteconomia e scienza dell'informazione$v7 500 10$aDiventare archivisti$9255286 610 1 $aArchivistica 676 $a020$v23$9Biblioteconomia e scienza dell'informazione 700 1$aValacchi,$bFederico$4070$0326639 801 0$aIT$bUNIPARTHENOPE$c20170117$gRICA$2UNIMARC 912 $a000031263 951 $a020-D/1$b46407$cNAVA1$d2017 996 $aDiventare archivisti$9255286 997 $aUNIPARTHENOPE